Sanat - "Makeaa myrkkyä" - Puolikuu - Statistics

Yleistilastot
  • Tätä visaa on pelattu 6 kertaa
  • Keskiarvotulos 112 / 180
Vastaustilastot
Sanat % Oikein
100%
edes
80%
ei
80%
Ei
80%
en
80%
irtoan
80%
itseäni
80%
ja
80%
Ja
80%
katselen
80%
kävelee
80%
kävelee.
80%
maa
80%
makeaa
80%
melkein
80%
mieleni
80%
myrkkyä
80%
Nyt
80%
nyt
80%
Ruumiistani
80%
se
80%
Se
80%
sen
80%
tärisee
80%
tee
80%
tulee
80%
tupakkaa
80%
ansaan
60%
Tällä
60%
Ennenkuin
60%
ennenkuin
60%
hyvänä
60%
kaikki
60%
katoaa
60%
kertaa
60%
kiinni
60%
kuinka
60%
Kuinka
60%
Kun
60%
kun
60%
lankesinkaan
60%
minut
60%
mutta
60%
myrkyttää
60%
ne
60%
niin
60%
Olen
60%
on
60%
pehmeään
60%
pitää
60%
saa
60%
saan
60%
täällä
60%
Tällä
60%
ahdistaa
40%
aikaan
40%
aina
40%
ajelehtiville
40%
antanut
40%
enemmän
40%
hakataan
40%
hämärään
40%
jään
40%
jo
40%
Joka
40%
jotakin
40%
Kädet
40%
käteni
40%
katsonut
40%
kaukaa
40%
kiehtoo
40%
kuuta
40%
loppuu
40%
mieltäni
40%
muuta
40%
Muuten
40%
odottanut
40%
pääsyä
40%
poikki
40%
rauhaa
40%
saatava
40%
sanoille
40%
sille
40%
tähänkin
40%
tahdon
40%
taikaan
40%
Tänä
40%
tehdyksi
40%
tulevan
40%
Ulos
40%
ulvonut
40%
uskoni
40%
vapisee
40%
yksin
40%
Yksin
40%
yönä
40%
yötä
40%
Pian
20%
sormet
20%
tunnen
20%
Ehtoja vastaavia visoja ei löytynyt
Tulosjakauma
Jokaisen tuloksen saaneiden osuus
Persentiili vastausten määrän mukaan
Tuloshistoriasi
Et ole pelannut tätä visaa